Fnaf animatronics A-Z - Statistics

General Stats
  • This quiz has been taken 99 times
  • The average score is 52 of 70
Answer Stats
Answer % Correct
Bon-Bon
96%
Chica
96%
Dark Freddy
96%
Funtime Freddy
96%
Glamrock Chica
96%
Glamrock Freddy
96%
Golden Freddy
96%
Jack-O-Chica
96%
Neon Chica
96%
Nightmare Chica
96%
Nightmare Freddy
96%
Party Freddy
96%
Phantom Freddy
96%
Shattered Glamrock Chica
96%
Toy Chica
96%
Toy Freddy
96%
Withered Chica
96%
Withered Freddy
96%
Bonnie
94%
Glitched Bonnie
94%
Jack-O-Bonnie
94%
Neon Bonnie
94%
Nightmare Bonnie
94%
Toy Bonnie
94%
Withered Bonnie
94%
Burnt Foxy
92%
Captain Foxy
92%
Dark Foxy
92%
Foxy
92%
Funtime Foxy
92%
Grimm Foxy
92%
Nightmare Foxy
92%
Phantom Foxy
92%
Withered Foxy
92%
DJ Music Man
82%
Wind-Up Music Man
82%
Circus Baby
81%
Nightmare Balloon Boy
81%
Balloon Boy
79%
Phantom Balloon Boy
79%
Phantom Mangle
79%
Mangle
78%
Shadow Mangle
78%
Springtrap
75%
Marionette
74%
Ballora
72%
Bonnet
71%
Nightmare Fredbear
65%
Ennard
61%
Shattered Monty
54%
Burntrap
51%
Nightmare Endo
51%
Shattered Roxy
50%
Glitchtrap
49%
Bidybab
47%
Plushtrap
47%
Lefty
46%
Lolbit
46%
Nightmarionne
44%
Helpy
42%
Minireena
42%
Moon
35%
Sun
35%
Dreadbear
33%
The Blob
32%
Roxanne Wolf
31%
Freddles
29%
Montgomery Gator
26%
Freddy Fazbear
11%
Freddy Frostbear
10%
No matching quizzes found
Score Distribution
Percent of People with Each Score
Percentile by Number Answered
Your Score History
You have not taken this quiz